[Event "AUTO-OPEN-421"]
[Site "http://www.queenalice.com/game.php?id=118189"]
[Date "2006.10.18"]
[Round "1"]
[White "mds"]
[Black "Marius007"]
[Result "1/2-1/2"]
[WhiteElo "2186"]
[BlackElo "1821"]

1. d4 d5 2. Nf3 c6 3. Bf4 Nf6 4. e3 Qb6 5. Qc1 Bf5 6. Nbd2 Nbd7 7. Be2 e6 8. O-O
Be7 9. c4 O-O 10. c5 Qd8 11. b4 Nh5 12. Be5 Nhf6 13. Bg3 Nh5 14. Qc3 Nxg3 15.
hxg3 b6 16. Rfc1 bxc5 17. bxc5 Qc7 18. Bd3 Bxd3 19. Qxd3 e5 20. Qc3 e4 21. Nh2
Nf6 22. Nb3 Rfb8 23. Rab1 a5 24. Rc2 a4 25. Nd2 Rxb1+ 26. Nxb1 Rb8 27. Rb2 Qa7
28. Nf1 Bd8 29. Qc2 Rxb2 30. Qxb2 1/2-1/2

[Event "AUTO-OPEN-421"]
[Site "http://www.queenalice.com/game.php?id=118190"]
[Date "2006.10.18"]
[Round "1"]
[White "Marius007"]
[Black "mds"]
[Result "1-0"]
[WhiteElo "1791"]
[BlackElo "2208"]

1. d4 Nf6 2. c4 c5 3. d5 b5 4. cxb5 a6 5. bxa6 Bxa6 6. Nc3 d6 7. Nf3 g6 8. e4
Bxf1 9. Kxf1 Nbd7 10. g3 Bg7 11. Kg2 O-O 12. h3 Qa5 13. Re1 Rfb8 14. e5 Nxe5 15.
Nxe5 dxe5 16. Rxe5 Rb7 17. Qf3 Nd7 18. Re4 Rab8 19. Rxe7 Ne5 20. Rxb7 Rxb7 21.
Qe2 Qa8 22. Bf4 Nd7 23. Re1 Nf6 24. Kh2 Bf8 25. Rd1 Bg7 26. b3 Nh5 27. Be5 f6
28. Bd6 f5 29. Na4 Rf7 30. Nb6 Bd4 31. Nxa8 1-0

[Event "AUTO-OPEN-421"]
[Site "http://www.queenalice.com/game.php?id=118209"]
[Date "2006.10.18"]
[Round "1"]
[White "nenem"]
[Black "Marius007"]
[Result "0-1"]
[WhiteElo "1687"]
[BlackElo "1743"]

1. e4 c5 2. Nf3 Nc6 3. d4 cxd4 4. Nxd4 Nf6 5. Nc3 e5 6. Nf5 d5 7. Bg5 Bxf5 8.
Bxf6 gxf6 9. exf5 Bb4 10. a3 Bxc3+ 11. bxc3 Qa5 12. Qd2 Rg8 13. g3 O-O-O 14. Bg2
Ne7 15. O-O Rd7 16. Rfb1 Rgd8 17. Qh6 Qxc3 18. Qxf6 Nc6 19. Ra2 Nd4 20. Qh6 Rc7
21. f6 e4 22. Qxh7 Ne2+ 23. Kh1 Qxf6 24. Qh5 Nc3 25. Rab2 Nxb1 26. Rxb1 Rxc2 27.
f4 Qc3 28. Bh3+ Kb8 29. Qd1 Rh8 30. Bg2 b6 31. a4 Qxg3 32. Qg1 Qc3 33. Rxb6+
axb6 34. Qxb6+ Kc8 35. Qa6+ Kd7 36. Qb7+ Ke6 37. f5+ Ke5 38. Qe7+ Kf4 0-1

[Event "AUTO-OPEN-421"]
[Site "http://www.queenalice.com/game.php?id=118210"]
[Date "2006.10.18"]
[Round "1"]
[White "Marius007"]
[Black "nenem"]
[Result "1-0"]
[WhiteElo "1715"]
[BlackElo "1551"]

1. e4 e5 2. Nf3 Nf6 3. Nxe5 Nc6 4. Nxc6 dxc6 5. e5 Nd5 6. d4 Be6 7. c3 Be7 8.
Bd3 Qd7 9. O-O O-O-O 10. Re1 Kb8 11. Nd2 c5 12. Nf3 Bg4 13. c4 Nb4 14. d5 Bf5
15. Be4 Bg4 16. Qb3 b6 17. a3 Na6 18. e6 fxe6 19. Ne5 Qe8 20. Nc6+ Kc8 21. Qa4
Nb8 22. Qxa7 Kd7 23. dxe6+ Bxe6 24. Rd1+ Bd6 25. Rxd6+ Kxd6 26. Bf4+ Kd7 27.
Qxc7# 1-0

[Event "AUTO-OPEN-421"]
[Site "http://www.queenalice.com/game.php?id=118221"]
[Date "2006.10.18"]
[Round "1"]
[White "Marius007"]
[Black "tratrax"]
[Result "1-0"]
[WhiteElo "1713"]
[BlackElo "1367"]

1. e4 c6 2. d4 d5 3. f3 dxe4 4. fxe4 Nf6 5. e5 Nd5 6. Nf3 Bg4 7. Be2 e6 8. O-O
Be7 9. c4 Nb6 10. Nc3 O-O 11. Be3 Na6 12. a3 Qd7 13. Qe1 Nc7 14. Qg3 Bh5 15. b4
Rad8 16. Ne4 f5 17. exf6 Bxf6 18. Nxf6+ Rxf6 19. Ne5 Rxf1+ 20. Rxf1 Qe8 21. Bxh5
Qxh5 22. Ng4 Kh8 23. Qxc7 Rc8 24. Qxc8+ 1-0

[Event "AUTO-OPEN-421"]
[Site "http://www.queenalice.com/game.php?id=118222"]
[Date "2006.10.18"]
[Round "1"]
[White "tratrax"]
[Black "Marius007"]
[Result "0-1"]
[WhiteElo "1541"]
[BlackElo "1735"]

1. d4 Nf6 2. Nf3 g6 3. c4 Bg7 4. e3 O-O 5. Bd3 d6 6. Qc2 c5 7. b3 Nc6 8. Bb2 Nb4
9. Qd2 Nxd3+ 10. Qxd3 Bf5 11. Qd1 a6 12. dxc5 dxc5 13. O-O Ne4 14. Bxg7 Kxg7 15.
Nbd2 Nc3 16. Qe1 Bd3 17. Ne5 Bxf1 18. Kxf1 f6 19. Nef3 Qd3+ 20. Kg1 Rad8 21. Nf1
e5 22. h3 e4 23. Nh4 f5 24. g3 g5 25. Ng2 Qc2 26. Kh2 Rd3 27. Rc1 Qb2 28. h4 h6
29. hxg5 hxg5 30. Rxc3 Qxc3 31. Qe2 Qc1 32. f4 Rd1 33. Kg1 Rfd8 0-1

[Event "AUTO-ADV-277"]
[Site "http://www.queenalice.com/game.php?id=118406"]
[Date "2006.10.18"]
[Round "1"]
[White "Marius007"]
[Black "CampbellMarcel"]
[Result "1-0"]
[WhiteElo "1775"]
[BlackElo "1771"]

1. d4 Nf6 2. c4 e6 3. g3 Be7 4. Bg2 O-O 5. Nf3 d5 6. O-O dxc4 7. Qc2 b5 8. a4 b4
9. Ne5 b3 10. Qxc4 Ba6 11. Qxb3 Bxe2 12. Re1 Qxd4 13. Nc3 Qxe5 14. Rxe2 Qh5 15.
Bxa8 Ng4 16. h4 Bxh4 17. gxh4 Qxh4 18. Bf4 Nd7 19. Bg2 Rb8 20. Qd1 Ndf6 21. Bxc7
Rc8 22. Qd4 h6 23. f3 h5 24. fxg4 Nxg4 25. Qxa7 Kh7 26. a5 f5 27. Qb6 Rxc7 28.
Qxc7 Kh6 29. Qf4+ Kh7 30. Rxe6 Kg8 31. a6 g5 32. Qb8+ Kg7 33. Re7+ Kg6 34. Qg8+
1-0

[Event "AUTO-ADV-277"]
[Site "http://www.queenalice.com/game.php?id=118407"]
[Date "2006.10.18"]
[Round "1"]
[White "CampbellMarcel"]
[Black "Marius007"]
[Result "0-1"]
[WhiteElo "1595"]
[BlackElo "1724"]

1. e4 c5 2. Bc4 e6 3. Nf3 Nc6 4. O-O Nf6 5. b3 Nxe4 6. d3 Qf6 7. c3 Nxc3 8. Nxc3
Qxc3 9. Bd2 Qf6 10. Re1 d6 11. Bg5 Qg6 12. Bb5 Bd7 13. a4 a6 14. Bxc6 Bxc6 15.
Bf4 Be7 16. d4 cxd4 17. Qxd4 Bxf3 18. g3 e5 19. Bxe5 dxe5 20. Qxe5 Qf6 21. Qc7
Kf8 22. Rac1 Bc6 23. Re2 Bc5 24. Rxc5 Qa1+ 0-1

[Event "AUTO-ADV-277"]
[Site "http://www.queenalice.com/game.php?id=118408"]
[Date "2006.10.18"]
[Round "1"]
[White "Marius007"]
[Black "vindaloo"]
[Result "1-0"]
[WhiteElo "1674"]
[BlackElo "1777"]

1. d4 g6 2. c4 Bg7 3. Nf3 d6 4. Nc3 c5 5. e4 Bg4 6. dxc5 Bxc3+ 7. bxc3 Bxf3 8.
gxf3 dxc5 9. Qxd8+ Kxd8 10. Be3 b6 11. O-O-O+ Ke8 12. Bh3 Nc6 13. Bd7+ Kf8 14.
Bxc6 Rc8 15. Ba4 f6 16. Rd7 a6 17. Rhd1 g5 18. Rd8+ Rxd8 19. Rxd8+ Kg7 20. Rb8
1-0

[Event "AUTO-ADV-277"]
[Site "http://www.queenalice.com/game.php?id=118409"]
[Date "2006.10.18"]
[Round "1"]
[White "vindaloo"]
[Black "Marius007"]
[Result "0-1"]
[WhiteElo "1757"]
[BlackElo "1694"]

1. Nf3 Nf6 2. d4 d5 3. c4 c6 4. Nc3 e6 5. e3 Nbd7 6. Bd3 dxc4 7. Bxc4 b5 8. Bd3
a6 9. e4 c5 10. e5 cxd4 11. Nxb5 Nxe5 12. Nxe5 axb5 13. O-O Qd5 14. Qc2 Bb7 15.
Nf3 e5 16. Qe2 Bd6 17. Bxb5+ Kf8 18. Bc4 Qe4 19. Qd1 Qc6 20. Re1 Qxc4 0-1

[Event "AUTO-ADV-277"]
[Site "http://www.queenalice.com/game.php?id=118410"]
[Date "2006.10.18"]
[Round "1"]
[White "Marius007"]
[Black "Malcomx"]
[Result "1-0"]
[WhiteElo "1757"]
[BlackElo "1809"]

1. e4 e6 2. d4 d5 3. Nd2 dxe4 4. Nxe4 b6 5. Nf3 Bb7 6. Bb5+ Nd7 7. Ne5 c6 8.
Nxc6 Qc7 9. Ne5 Rd8 10. Qf3 Nf6 11. Nxf6+ gxf6 12. Qxf6 1-0

[Event "AUTO-ADV-277"]
[Site "http://www.queenalice.com/game.php?id=118411"]
[Date "2006.10.18"]
[Round "1"]
[White "Malcomx"]
[Black "Marius007"]
[Result "0-1"]
[WhiteElo "1765"]
[BlackElo "1835"]

1. g3 d5 2. Bg2 c6 3. b3 e5 4. Bb2 Bd6 5. Nf3 Nd7 6. O-O Ngf6 7. d3 O-O 8. Nbd2
Re8 9. e4 Qc7 10. exd5 cxd5 11. Re1 d4 12. Ne4 Nxe4 13. dxe4 Bb4 14. Nd2 Ba5 15.
Re2 Nc5 16. Nc4 Na4 17. Nxa5 Nxb2 18. Qb1 Qxa5 19. Qxb2 Be6 20. Rc1 Rac8 21.
Ree1 Rc3 22. Red1 Rec8 23. h3 Qc5 24. Kh2 Rxc2 25. Rxc2 Qxc2 26. Rb1 d3 27. Qxc2
Rxc2 28. Rd1 d2 29. Bf3 Rxa2 30. Rb1 Rc2 31. Rd1 Bxb3 0-1

[Event "AUTO-ADV-277"]
[Site "http://www.queenalice.com/game.php?id=183761"]
[Date "2007.3.17"]
[Round "2"]
[White "ak_9105"]
[Black "Marius007"]
[Result "0-1"]
[WhiteElo "1788"]
[BlackElo "1904"]

1. e4 c5 2. Nf3 Nc6 3. d4 cxd4 4. Nxd4 Nf6 5. Nc3 e5 6. Ndb5 d6 7. Bg5 a6 8. Na3
b5 9. Nd5 Qa5+ 10. c3 Nxe4 11. Be3 Rb8 12. Bd3 Nxc3 13. Nxc3 d5 14. Bd2 b4 15.
Ne2 Qc7 16. Nc2 e4 17. Bxe4 dxe4 18. Bf4 Ne5 19. Rc1 Bd6 20. O-O Nd3 21. Bxd6
Qxd6 0-1

[Event "AUTO-ADV-277"]
[Site "http://www.queenalice.com/game.php?id=183762"]
[Date "2007.3.17"]
[Round "2"]
[White "Marius007"]
[Black "ak_9105"]
[Result "0-1"]
[WhiteElo "1901"]
[BlackElo "1775"]

1. d4 d5 2. c4 c6 3. Nc3 Nf6 4. e3 Nbd7 5. Nf3 e6 6. Qc2 Be7 7. b3 O-O 8. Be2 a6
9. O-O Qc7 10. Bb2 Re8 11. e4 dxe4 12. Nxe4 Nxe4 13. Qxe4 Nf6 14. Qc2 Rd8 15.
Rfd1 b6 16. a3 Bb7 17. c5 b5 18. Ne5 a5 19. Rd3 Nd5 20. Rf3 Bf6 21. Qe4 Qe7 22.
Bc1 Rf8 23. Bd3 g6 24. Bh6 Rfd8 25. Re1 a4 26. b4 Qc7 0-1

[Event "GERMAN OPEN"]
[Site "http://www.queenalice.com/game.php?id=188476"]
[Date "2007.3.27"]
[Round "1"]
[White "Meckerkopp"]
[Black "Marius007"]
[Result "0-1"]
[WhiteElo "1833"]
[BlackElo "1863"]

1. e4 c5 2. Bc4 e6 3. Nc3 Nc6 4. b3 Nf6 5. Qe2 Nd4 6. Qd3 a6 7. a4 d5 8. Bxd5
exd5 9. exd5 Bf5 10. Qe3+ Be7 0-1

[Event "AUTO-OPEN-421"]
[Site "http://www.queenalice.com/game.php?id=196354"]
[Date "2007.4.13"]
[Round "2"]
[White "Shydo"]
[Black "Marius007"]
[Result "0-1"]
[WhiteElo "1765"]
[BlackElo "1915"]

1. d4 d5 2. e3 Nf6 3. c4 c6 4. c5 Nbd7 5. Nf3 e5 6. dxe5 Ne4 7. b4 a5 8. Ba3
axb4 9. Bxb4 Bxc5 10. a3 Bxb4+ 11. Nbd2 Bc3 12. Rb1 Rxa3 13. Be2 Ra2 14. O-O
Bxd2 15. Nxd2 Rxd2 16. Qe1 Qg5 17. f4 Qg6 18. Ra1 Nb6 19. Bf3 Bh3 0-1

[Event "AUTO-OPEN-421"]
[Site "http://www.queenalice.com/game.php?id=196355"]
[Date "2007.4.13"]
[Round "2"]
[White "Marius007"]
[Black "Shydo"]
[Result "0-1"]
[WhiteElo "1925"]
[BlackElo "1737"]

1. d4 Nf6 2. c4 g6 3. Nc3 Bg7 4. e4 d6 5. Be2 O-O 6. Nf3 Bg4 7. Be3 e5 8. O-O
exd4 9. Nxd4 Bxe2 10. Qxe2 c5 11. Nc2 Nc6 12. Rad1 Qd7 13. Bxc5 Ne8 14. Bd4 Nxd4
15. Nxd4 d5 16. cxd5 Bxd4 17. Rxd4 Ng7 0-1